[Event "2024 National Middle School Championship"]
[Site "Atlanta, Georgia, United States"]
[Date "2024.05.11"]
[Round "5.5"]
[White "Singh, Siddharth"]
[Black "Wang, Kyle Y"]
[Result "0-1"]
[TimeControl "G/90;d10"]
[WhiteElo "2204"]
[BlackElo "2115"]

1. e4 {[%clk 01:30:00]} {[%emt 00:00:02]} e5 {[%clk 01:30:00]} {[%emt
00:00:04]} 2. Nf3 {[%clk 01:30:00]} {[%emt 00:00:06]} Nc6 {[%clk 01:30:00]}
{[%emt 00:00:08]} 3. Bb5 {[%clk 01:30:00]} {[%emt 00:00:04]} a6 {[%clk
01:30:00]} {[%emt 00:00:05]} 4. Ba4 {[%clk 01:30:00]} {[%emt 00:00:04]} Nf6
{[%clk 01:30:00]} {[%emt 00:00:05]} 5. O-O {[%clk 01:30:00]} {[%emt 00:00:07]}
Be7 {[%clk 01:30:00]} {[%emt 00:00:03]} 6. Re1 {[%clk 01:30:00]} {[%emt
00:00:06]} b5 {[%clk 01:30:00]} {[%emt 00:00:04]} 7. Bb3 {[%clk 01:30:00]}
{[%emt 00:00:05]} O-O {[%clk 01:30:00]} {[%emt 00:00:05]} 8. a4 {[%clk
01:30:00]} {[%emt 00:00:04]} Bb7 {[%clk 01:30:00]} {[%emt 00:00:06]} 9. d3
{[%clk 01:30:00]} {[%emt 00:00:05]} d6 {[%clk 01:29:59]} {[%emt 00:00:11]} 10.
Nbd2 {[%clk 01:30:00]} {[%emt 00:00:10]} Na5 {[%clk 01:29:25]} {[%emt
00:00:45]} 11. Ba2 {[%clk 01:29:49]} {[%emt 00:00:20]} c5 {[%clk 01:29:11]}
{[%emt 00:00:25]} 12. Nf1 {[%clk 01:29:36]} {[%emt 00:00:21]} h6 {[%clk
01:28:03]} {[%emt 00:01:19]} 13. Ne3 {[%clk 01:26:53]} {[%emt 00:02:52]} Re8
{[%clk 01:27:17]} {[%emt 00:00:57]} 14. c3 {[%clk 01:17:39]} {[%emt 00:09:23]}
Bf8 {[%clk 01:26:24]} {[%emt 00:01:03]} 15. b4 {[%clk 01:11:00]} {[%emt
00:06:50]} Nc6 {[%clk 01:24:39]} {[%emt 00:01:55]} 16. bxc5 {[%clk 01:11:00]}
{[%emt 00:00:09]} dxc5 {[%clk 01:24:39]} {[%emt 00:00:08]} 17. Nd5 {[%clk
01:11:00]} {[%emt 00:00:09]} Na5 {[%clk 01:23:06]} {[%emt 00:01:44]} 18. c4
{[%clk 01:10:32]} {[%emt 00:00:38]} b4 {[%clk 01:20:32]} {[%emt 00:02:44]} 19.
Bb2 {[%clk 01:10:07]} {[%emt 00:00:35]} Nc6 {[%clk 01:19:20]} {[%emt 00:01:22]}
20. Qd2 {[%clk 01:08:27]} {[%emt 00:01:50]} a5 {[%clk 01:17:42]} {[%emt
00:01:48]} 21. Rf1 {[%clk 01:07:34]} {[%emt 00:01:03]} Nxd5 {[%clk 01:14:17]}
{[%emt 00:03:35]} 22. cxd5 {[%clk 01:05:53]} {[%emt 00:01:51]} Nd4 {[%clk
01:14:16]} {[%emt 00:00:12]} 23. Nxd4 {[%clk 01:05:50]} {[%emt 00:00:13]} cxd4
{[%clk 01:12:11]} {[%emt 00:02:14]} 24. f4 {[%clk 01:05:50]} {[%emt 00:00:08]}
Bd6 {[%clk 01:10:42]} {[%emt 00:01:38]} 25. Bc4 {[%clk 01:00:58]} {[%emt
00:05:02]} Ba6 {[%clk 00:59:10]} {[%emt 00:11:43]} 26. Bxa6 {[%clk 00:57:15]}
{[%emt 00:03:52]} Rxa6 {[%clk 00:57:24]} {[%emt 00:01:56]} 27. Qf2 {[%clk
00:57:15]} {[%emt 00:00:01]} f6 {[%clk 00:55:01]} {[%emt 00:02:34]} 28. fxe5
{[%clk 00:53:55]} {[%emt 00:03:31]} fxe5 {[%clk 00:55:01]} {[%emt 00:00:01]} 29.
Qf7+ {[%clk 00:51:12]} {[%emt 00:02:53]} Kh8 {[%clk 00:54:36]} {[%emt
00:00:34]} 30. Qg6 {[%clk 00:51:12]} {[%emt 00:00:04]} Rb6 {[%clk 00:52:16]}
{[%emt 00:02:30]} 31. Rac1 {[%clk 00:46:48]} {[%emt 00:04:34]} Be7 {[%clk
00:49:27]} {[%emt 00:02:59]} 32. Qg4 {[%clk 00:46:28]} {[%emt 00:00:30]} Bg5
{[%clk 00:48:49]} {[%emt 00:00:49]} 33. Rc5 {[%clk 00:45:54]} {[%emt 00:00:44]}
Be3+ {[%clk 00:47:04]} {[%emt 00:01:54]} 34. Kh1 {[%clk 00:45:54]} {[%emt
00:00:07]} Rf6 {[%clk 00:46:48]} {[%emt 00:00:26]} 35. Rf3 {[%clk 00:38:08]}
{[%emt 00:07:56]} Ref8 {[%clk 00:43:03]} {[%emt 00:03:55]} 36. h3 {[%clk
00:37:04]} {[%emt 00:01:15]} Kh7 {[%clk 00:40:07]} {[%emt 00:03:06]} 37. Rc6
{[%clk 00:23:17]} {[%emt 00:13:57]} Bd2 {[%clk 00:37:46]} {[%emt 00:02:31]} 38.
Rg3 {[%clk 00:14:00]} {[%emt 00:09:26]} R8f7 {[%clk 00:36:48]} {[%emt
00:01:09]} 39. Rf3 {[%clk 00:05:28]} {[%emt 00:08:41]} Bc3 {[%clk 00:34:40]}
{[%emt 00:02:18]} 40. Bc1 {[%clk 00:05:28]} b3 {[%clk 00:34:25]} {[%emt
00:00:25]} 41. Bxh6 {[%clk 00:05:12]} {[%emt 00:00:26]} b2 {[%clk 00:31:59]}
{[%emt 00:02:37]} 42. Bxg7 {[%clk 00:03:00]} {[%emt 00:02:21]} b1=Q+ {[%emt
00:00:15]} 43. Kh2 {[%clk 00:03:00]} Rxg7 {[%clk 00:30:53]} {[%emt 00:01:11]}
44. Qh5+ {[%clk 00:03:00]} {[%emt 00:00:02]} Kg8 {[%clk 00:30:51]} {[%emt
00:00:12]} 45. Rcxf6 {[%clk 00:03:00]} {[%emt 00:00:08]} Bd2 {[%clk 00:26:31]}
{[%emt 00:04:31]} 46. Rf8+ {[%clk 00:01:36]} {[%emt 00:01:34]} Qxf8 {[%clk
00:26:31]} {[%emt 00:00:10]} 47. Rxf8+ {[%clk 00:01:36]} {[%emt 00:00:02]} Kxf8
{[%clk 00:26:31]} {[%emt 00:00:08]} 48. Qf5+ {[%clk 00:01:36]} {[%emt
00:00:04]} Rf7 {[%clk 00:25:11]} {[%emt 00:01:29]} 49. Qc8+ {[%clk 00:01:36]}
{[%emt 00:00:02]} Kg7 {[%clk 00:25:11]} {[%emt 00:00:09]} 50. Qg4+ {[%clk
00:01:36]} {[%emt 00:00:05]} Kh6 {[%clk 00:24:16]} {[%emt 00:01:06]} 51. Qh4+
{[%clk 00:01:32]} {[%emt 00:00:14]} Kg6 {[%clk 00:24:02]} {[%emt 00:00:23]} 52.
Qg4+ {[%clk 00:01:21]} {[%emt 00:00:21]} Bg5 {[%clk 00:23:36]} {[%emt
00:00:36]} 53. Qe6+ {[%emt 00:00:10]} Kg7 {[%clk 00:23:35]} {[%emt 00:00:09]}
54. Qxe5+ {[%clk 00:01:19]} {[%emt 00:00:13]} Bf6 {[%clk 00:22:56]} {[%emt
00:00:49]} 55. Qg3+ {[%clk 00:01:12]} {[%emt 00:00:17]} Kf8 {[%clk 00:22:27]}
{[%emt 00:00:38]} 56. Qd6+ {[%clk 00:01:12]} {[%emt 00:00:06]} Be7 {[%clk
00:21:57]} {[%emt 00:00:41]} 57. Qh6+ {[%emt 00:00:03]} Rg7 {[%clk 00:20:59]}
{[%emt 00:01:06]} 58. Qh8+ {[%clk 00:01:03]} {[%emt 00:00:18]} Rg8 {[%clk
00:20:59]} {[%emt 00:00:09]} 59. Qh6+ {[%clk 00:01:03]} {[%emt 00:00:02]} Ke8
{[%clk 00:20:51]} {[%emt 00:00:17]} 60. Qc6+ {[%clk 00:01:03]} {[%emt
00:00:03]} Kd8 {[%clk 00:19:19]} {[%emt 00:01:42]} 61. Qa8+ {[%clk 00:01:03]}
{[%emt 00:00:03]} Kd7 {[%clk 00:19:04]} {[%emt 00:00:26]} 62. Qc6+ {[%clk
00:00:59]} {[%emt 00:00:15]} Kd8 {[%clk 00:18:45]} {[%emt 00:00:29]} 63. Qa8+
{[%clk 00:00:59]} {[%emt 00:00:05]} Kc7 {[%clk 00:18:39]} {[%emt 00:00:17]} 64.
Qxg8 {[%clk 00:00:54]} {[%emt 00:00:15]} Bd6+ {[%clk 00:18:39]} {[%emt
00:00:07]} 65. g3 {[%clk 00:00:54]} {[%emt 00:00:01]} Qc2+ {[%clk 00:18:21]}
{[%emt 00:00:28]} 66. Kh1 {[%clk 00:00:48]} {[%emt 00:00:16]} Qd1+ {[%clk
00:18:11]} {[%emt 00:00:19]} 67. Kh2 {[%clk 00:00:39]} {[%emt 00:00:20]} Qe2+
{[%clk 00:17:50]} {[%emt 00:00:30]} 68. Kg1 {[%clk 00:00:39]} {[%emt 00:00:05]}
Qe3+ {[%clk 00:17:08]} {[%emt 00:00:51]} 69. Kh2 {[%clk 00:00:35]} {[%emt
00:00:15]} Qf2+ {[%clk 00:17:08]} {[%emt 00:00:06]} 70. Kh1 {[%clk 00:00:35]}
Bxg3 {[%clk 00:16:50]} {[%emt 00:00:29]} 71. d6+ {[%clk 00:00:12]} {[%emt
00:00:32]} Bxd6 {[%clk 00:16:34]} {[%emt 00:00:26]} 72. Qc4+ {[%clk 00:00:12]}
{[%emt 00:00:03]} Kd8 {[%clk 00:16:22]} {[%emt 00:00:21]} 73. Qg8+ {[%clk
00:00:12]} {[%emt 00:00:03]} Kd7 {[%clk 00:16:01]} {[%emt 00:00:32]} 74. Qg4+
{[%clk 00:00:12]} {[%emt 00:00:08]} Kc7 {[%clk 00:15:56]} {[%emt 00:00:15]} 75.
Qg2 {[%clk 00:00:12]} {[%emt 00:00:11]} Qe1+ {[%clk 00:15:45]} {[%emt
00:00:21]} 76. Qg1 {[%clk 00:00:12]} {[%emt 00:00:02]} Qxg1+ 77. Kxg1 {[%clk
00:00:12]} Kc6 {[%clk 00:15:43]} {[%emt 00:00:09]} 78. h4 {[%clk 00:00:12]}
{[%emt 00:00:09]} Kc5 {[%clk 00:15:28]} {[%emt 00:00:25]} 79. Kg2 {[%clk
00:00:12]} Kb4 {[%clk 00:15:28]} {[%emt 00:00:08]} 80. Kf3 {[%clk 00:00:12]}
Kxa4 {[%clk 00:15:28]} {[%emt 00:00:10]} 81. h5 {[%clk 00:00:12]} {[%emt
00:00:01]} Kb5 {[%clk 00:15:02]} {[%emt 00:00:36]} 82. Kg4 {[%clk 00:00:12]}
Be5 {[%clk 00:14:15]} {[%emt 00:00:57]} 83. Kf5 {[%clk 00:00:12]} Bh8 {[%clk
00:14:14]} {[%emt 00:00:11]} 84. e5 {[%clk 00:00:12]} Kc6 {[%clk 00:13:47]}
{[%emt 00:00:37]} 85. Ke4 {[%clk 00:00:05]} {[%emt 00:00:17]} Kc5 {[%clk
00:13:32]} {[%emt 00:00:26]} 86. e6 {[%clk 00:00:05]} {[%emt 00:00:01]} Kd6
{[%clk 00:13:32]} {[%emt 00:00:05]} 87. e7 {[%clk 00:00:05]} Kxe7 {[%clk
00:13:32]} {[%emt 00:00:03]} 88. Kd5 {[%clk 00:00:05]} Kd7 {[%clk 00:13:19]}
{[%emt 00:00:23]} 89. Kc5 {[%clk 00:00:05]} {[%emt 00:00:10]} Ke6 {[%clk
00:13:19]} {[%emt 00:00:06]} 90. Kb5 {[%clk 00:00:05]} {[%emt 00:00:03]} Kf5
{[%clk 00:13:19]} 91. Kxa5 {[%clk 00:00:05]} {[%emt 00:00:04]} Kg5 {[%clk
00:13:19]} {[%emt 00:00:02]} 92. Kb5 {[%clk 00:00:05]} {[%emt 00:00:05]} Kxh5
{[%clk 00:13:19]} {[%emt 00:00:02]} 93. Kc4 {[%clk 00:00:05]} Kg4 {[%clk
00:13:19]} 94. Kd5 {[%clk 00:00:05]} Kf3 {[%clk 00:13:19]} {[%emt 00:00:04]} 95.
Kc5 {[%clk 00:00:05]} Ke2 {[%clk 00:13:19]} {[%emt 00:00:02]} 96. Kc4 {[%clk
00:00:05]} Ke3 {[%clk 00:13:19]} 97. Kd5 {[%clk 00:00:05]} Kxd3 {[%clk
00:13:19]} {[%emt 00:00:01]} 0-1

[Event "2024 National Middle School Championship"]
[Site "Atlanta, Georgia, United States"]
[Date "2024.05.11"]
[Round "5.6"]
[White "Yoon, Jeremy K"]
[Black "Paragua, Megan Althea"]
[Result "0-1"]
[TimeControl "G/90;d10"]
[WhiteElo "1802"]
[BlackElo "2198"]

1. d4 {[%clk 01:30:00]} {[%emt 00:00:04]} e6 {[%clk 01:27:10]} {[%emt
00:03:01]} 2. Nf3 {[%clk 01:29:16]} {[%emt 00:00:54]} c5 {[%clk 01:26:54]}
{[%emt 00:00:26]} 3. e4 {[%clk 01:24:00]} {[%emt 00:05:26]} cxd4 {[%clk
01:26:53]} {[%emt 00:00:11]} 4. Nxd4 {[%clk 01:24:00]} {[%emt 00:00:08]} Nf6
{[%clk 01:26:53]} {[%emt 00:00:07]} 5. Nc3 {[%clk 01:23:33]} {[%emt 00:00:38]}
Nc6 {[%clk 01:26:53]} {[%emt 00:00:07]} 6. Be3 {[%clk 01:14:52]} {[%emt
00:08:51]} Bb4 {[%clk 01:26:50]} {[%emt 00:00:13]} 7. f3 {[%clk 01:13:04]}
{[%emt 00:01:59]} d5 {[%clk 01:26:24]} {[%emt 00:00:35]} 8. Nxc6 {[%clk
01:05:23]} {[%emt 00:07:51]} bxc6 {[%clk 01:26:23]} {[%emt 00:00:11]} 9. exd5
{[%clk 00:58:49]} {[%emt 00:06:44]} Nxd5 {[%clk 01:20:53]} {[%emt 00:05:40]} 10.
Bd2 {[%clk 00:57:59]} {[%emt 00:00:59]} O-O {[%clk 01:19:09]} {[%emt 00:01:55]}
11. Bd3 {[%clk 00:54:47]} {[%emt 00:03:22]} Qf6 {[%clk 01:18:02]} {[%emt
00:01:17]} 12. Nxd5 {[%clk 00:47:56]} {[%emt 00:07:01]} exd5 {[%clk 01:17:27]}
{[%emt 00:00:46]} 13. O-O {[%clk 00:43:10]} {[%emt 00:04:55]} Qxb2 {[%clk
01:16:30]} {[%emt 00:01:07]} 14. Bxb4 {[%clk 00:41:11]} {[%emt 00:02:09]} Qxb4
{[%clk 01:16:30]} {[%emt 00:00:09]} 15. Rb1 {[%clk 00:39:19]} {[%emt 00:02:02]}
Qa4 {[%clk 01:13:59]} {[%emt 00:02:40]} 16. Ra1 {[%clk 00:33:17]} {[%emt
00:06:12]} Be6 {[%clk 01:07:49]} {[%emt 00:06:21]} 17. c3 {[%clk 00:30:24]}
{[%emt 00:03:03]} Qa5 {[%clk 01:07:21]} {[%emt 00:00:38]} 18. Qc2 {[%clk
00:29:43]} {[%emt 00:00:51]} g6 {[%clk 01:06:54]} {[%emt 00:00:37]} 19. f4
{[%clk 00:29:14]} {[%emt 00:00:39]} f5 {[%clk 01:05:52]} {[%emt 00:01:12]} 20.
Rae1 {[%clk 00:28:15]} {[%emt 00:01:08]} Bf7 {[%clk 01:04:48]} {[%emt
00:01:15]} 21. Re5 {[%clk 00:22:40]} {[%emt 00:05:44]} Rab8 {[%clk 01:01:32]}
{[%emt 00:03:26]} 22. Rfe1 {[%clk 00:20:06]} {[%emt 00:02:45]} Qa3 {[%clk
00:58:32]} {[%emt 00:03:10]} 23. R1e2 {[%clk 00:15:27]} {[%emt 00:04:39]} Rb7
{[%clk 00:57:04]} {[%emt 00:01:49]} 24. h3 {[%clk 00:13:04]} {[%emt 00:02:31]}
Rfb8 {[%clk 00:56:47]} {[%emt 00:00:27]} 25. Qd2 {[%clk 00:03:19]} {[%emt
00:09:55]} Rb2 {[%clk 00:52:05]} {[%emt 00:04:52]} 26. Qe1 {[%clk 00:03:19]}
{[%emt 00:00:01]} Rxe2 {[%clk 00:51:07]} {[%emt 00:01:08]} 27. Rxe2 {[%clk
00:03:19]} {[%emt 00:00:05]} d4 {[%clk 00:50:40]} {[%emt 00:00:37]} 28. Rc2
{[%clk 00:01:36]} {[%emt 00:01:52]} Re8 {[%clk 00:49:00]} {[%emt 00:01:51]} 29.
Qd2 {[%clk 00:01:36]} {[%emt 00:00:10]} Re3 {[%clk 00:48:39]} {[%emt 00:00:30]}
30. Kf2 {[%clk 00:00:48]} {[%emt 00:00:57]} Qd6 {[%clk 00:47:37]} {[%emt
00:01:12]} 31. g3 {[%clk 00:00:06]} {[%emt 00:00:53]} Qd5 {[%clk 00:47:32]}
{[%emt 00:00:15]} 0-1

[Event "2024 National Middle School Championship"]
[Site "Atlanta, Georgia, United States"]
[Date "2024.05.11"]
[Round "5.7"]
[White "Casares, Santiago De Jesus"]
[Black "Shangin, Lev"]
[Result "1/2-1/2"]
[TimeControl "G/90;d10"]
[WhiteElo "2114"]
[BlackElo "2170"]

1. e4 {[%clk 01:29:15]} {[%emt 00:00:54]} c5 {[%clk 01:29:51]} {[%emt
00:00:20]} 2. Nf3 {[%clk 01:29:15]} {[%emt 00:00:04]} e6 {[%clk 01:29:30]}
{[%emt 00:00:32]} 3. d4 {[%clk 01:29:15]} {[%emt 00:00:04]} cxd4 {[%clk
01:29:26]} {[%emt 00:00:14]} 4. Nxd4 {[%clk 01:29:15]} {[%emt 00:00:05]} a6
{[%clk 01:29:26]} {[%emt 00:00:07]} 5. Bd3 {[%clk 01:29:15]} {[%emt 00:00:07]}
Nf6 {[%clk 01:28:45]} {[%emt 00:00:51]} 6. O-O {[%clk 01:29:15]} {[%emt
00:00:10]} Qc7 {[%clk 01:28:25]} {[%emt 00:00:30]} 7. Qe2 {[%clk 01:29:15]}
{[%emt 00:00:07]} d6 {[%clk 01:28:15]} {[%emt 00:00:20]} 8. c4 {[%clk
01:29:15]} {[%emt 00:00:04]} Nbd7 {[%clk 01:27:27]} {[%emt 00:00:57]} 9. Nc3
{[%clk 01:28:47]} {[%emt 00:00:39]} b6 {[%clk 01:26:51]} {[%emt 00:00:46]} 10.
Be3 {[%clk 01:28:17]} {[%emt 00:00:40]} Bb7 {[%clk 01:26:23]} {[%emt 00:00:38]}
11. Rac1 {[%clk 01:26:06]} {[%emt 00:02:20]} Be7 {[%clk 01:26:00]} {[%emt
00:00:34]} 12. b3 {[%clk 01:24:07]} {[%emt 00:02:09]} O-O {[%clk 01:25:08]}
{[%emt 00:01:01]} 13. f3 {[%clk 01:24:07]} {[%emt 00:00:06]} Rfe8 {[%clk
01:23:45]} {[%emt 00:01:34]} 14. Rfd1 {[%clk 01:20:01]} {[%emt 00:04:17]} Rac8
{[%clk 01:22:30]} {[%emt 00:01:25]} 15. Qf2 {[%clk 01:17:58]} {[%emt 00:02:12]}
Bf8 {[%clk 01:19:54]} {[%emt 00:02:46]} 16. g4 {[%clk 01:15:57]} {[%emt
00:02:10]} Ne5 {[%clk 01:15:09]} {[%emt 00:04:55]} 17. Be2 {[%clk 01:15:57]}
{[%emt 00:00:09]} g6 {[%clk 01:09:42]} {[%emt 00:05:38]} 18. g5 {[%clk
01:09:45]} {[%emt 00:06:23]} Nfd7 {[%clk 01:08:37]} {[%emt 00:01:15]} 19. f4
{[%clk 01:09:10]} {[%emt 00:00:45]} Nc6 {[%clk 01:08:35]} {[%emt 00:00:11]} 20.
Bf3 {[%clk 00:56:27]} {[%emt 00:12:54]} Nxd4 {[%clk 01:06:56]} {[%emt
00:01:49]} 21. Bxd4 {[%clk 00:56:27]} {[%emt 00:00:06]} e5 {[%clk 01:02:54]}
{[%emt 00:04:11]} 22. Be3 {[%clk 00:53:14]} {[%emt 00:03:24]} exf4 {[%clk
00:59:17]} {[%emt 00:03:46]} 23. Bxf4 {[%clk 00:53:10]} {[%emt 00:00:14]} Ne5
{[%clk 00:58:55]} {[%emt 00:00:32]} 24. Nd5 {[%clk 00:52:54]} {[%emt 00:00:26]}
Bxd5 {[%clk 00:58:47]} {[%emt 00:00:18]} 25. Rxd5 {[%clk 00:52:54]} {[%emt
00:00:07]} Qe7 {[%clk 00:55:29]} {[%emt 00:03:27]} 26. h4 {[%clk 00:52:31]}
{[%emt 00:00:34]} Nxf3+ {[%clk 00:54:58]} {[%emt 00:00:40]} 27. Qxf3 {[%clk
00:52:31]} {[%emt 00:00:09]} Qxe4 {[%clk 00:54:58]} {[%emt 00:00:04]} 28. Kf2
{[%clk 00:51:31]} {[%emt 00:01:10]} Rc5 {[%clk 00:50:50]} {[%emt 00:04:18]} 29.
Qxe4 {[%clk 00:51:30]} {[%emt 00:00:11]} Rxe4 {[%clk 00:50:50]} {[%emt
00:00:07]} 30. Kf3 {[%clk 00:51:10]} {[%emt 00:00:30]} Rxd5 {[%clk 00:50:50]}
{[%emt 00:00:07]} 31. Kxe4 {[%clk 00:51:10]} {[%emt 00:00:08]} Ra5 {[%clk
00:49:27]} {[%emt 00:01:33]} 32. a4 {[%clk 00:51:10]} {[%emt 00:00:10]} h6
{[%clk 00:47:02]} {[%emt 00:02:33]} 33. Rd1 {[%clk 00:49:50]} {[%emt 00:01:31]}
hxg5 {[%clk 00:46:03]} {[%emt 00:01:09]} 34. hxg5 {[%clk 00:49:50]} {[%emt
00:00:06]} Rc5 {[%emt 00:12:26]} 35. Bxd6 {[%emt 00:00:03]} Bxd6 {[%emt
00:00:01]} 36. Rxd6 {[%emt 00:00:02]} Rxg5 {[%emt 00:00:01]} 37. Rxb6 {[%clk
00:49:50]} {[%emt 00:00:06]} 1/2-1/2

[Event "2024 National Middle School Championship"]
[Site "Atlanta, Georgia, United States"]
[Date "2024.05.11"]
[Round "5.8"]
[White "Zhou, Brian Xing"]
[Black "Williams, Oscar Izzy"]
[Result "1/2-1/2"]
[TimeControl "G/90;d10"]
[WhiteElo "1964"]
[BlackElo "2160"]

1. e4 {[%clk 01:26:54]} {[%emt 00:03:15]} c5 {[%clk 01:30:00]} {[%emt
00:00:05]} 2. Nf3 {[%clk 01:26:54]} {[%emt 00:00:02]} d6 {[%clk 01:30:00]}
{[%emt 00:00:04]} 3. d4 {[%clk 01:26:54]} cxd4 {[%clk 01:30:00]} {[%emt
00:00:07]} 4. Nxd4 {[%clk 01:26:54]} {[%emt 00:00:02]} Nf6 {[%clk 01:30:00]}
{[%emt 00:00:07]} 5. Nc3 {[%clk 01:26:54]} {[%emt 00:00:02]} Nc6 {[%clk
01:30:00]} {[%emt 00:00:04]} 6. Bg5 {[%clk 01:26:54]} {[%emt 00:00:04]} e6
{[%clk 01:30:00]} {[%emt 00:00:04]} 7. Qd2 {[%clk 01:26:54]} {[%emt 00:00:02]}
Be7 {[%clk 01:30:00]} {[%emt 00:00:07]} 8. O-O-O {[%clk 01:26:54]} {[%emt
00:00:06]} O-O {[%clk 01:30:00]} {[%emt 00:00:06]} 9. f3 {[%clk 01:26:54]}
{[%emt 00:00:04]} a6 {[%clk 01:29:08]} {[%emt 00:01:02]} 10. Kb1 {[%clk
01:26:54]} {[%emt 00:00:06]} Nxd4 {[%clk 01:28:49]} {[%emt 00:00:28]} 11. Qxd4
{[%clk 01:26:54]} {[%emt 00:00:04]} Nxe4 {[%clk 01:28:28]} {[%emt 00:00:31]} 12.
Nxe4 {[%emt 00:00:11]} Bxg5 {[%clk 01:28:28]} {[%emt 00:00:05]} 13. Nxg5 {[%clk
01:26:15]} {[%emt 00:00:49]} Qxg5 {[%clk 01:28:28]} {[%emt 00:00:05]} 14. Qxd6
{[%clk 01:26:15]} {[%emt 00:00:04]} Bd7 {[%clk 01:28:28]} {[%emt 00:00:02]} 15.
h4 {[%clk 01:26:00]} {[%emt 00:00:26]} Qf6 {[%clk 01:28:24]} {[%emt 00:00:13]}
16. Bd3 {[%clk 01:26:00]} {[%emt 00:00:07]} Rfd8 {[%clk 01:27:09]} {[%emt
00:01:24]} 17. Qb6 {[%clk 01:22:52]} {[%emt 00:03:19]} Bc6 {[%clk 01:16:46]}
{[%emt 00:10:33]} 18. Qe3 {[%clk 01:17:47]} {[%emt 00:05:16]} h6 {[%clk
01:15:36]} {[%emt 00:01:19]} 19. Rdf1 {[%clk 01:16:28]} {[%emt 00:01:29]} Qd4
{[%clk 01:13:14]} {[%emt 00:02:32]} 20. Qe2 {[%clk 01:16:08]} {[%emt 00:00:30]}
Rd5 {[%clk 01:11:31]} {[%emt 00:01:52]} 21. Rd1 {[%clk 00:57:01]} {[%emt
00:19:18]} Qf4 {[%clk 01:03:14]} {[%emt 00:08:27]} 22. Qe4 {[%clk 00:54:40]}
{[%emt 00:02:32]} Qxe4 {[%clk 01:03:12]} {[%emt 00:00:11]} 23. Bxe4 {[%clk
00:54:40]} {[%emt 00:00:04]} Rxd1+ {[%clk 01:03:09]} {[%emt 00:00:13]} 24. Rxd1
{[%clk 00:54:40]} Bxe4 {[%clk 01:02:56]} {[%emt 00:00:23]} 25. fxe4 {[%clk
00:54:40]} {[%emt 00:00:02]} Rc8 {[%clk 01:01:17]} {[%emt 00:01:49]} 26. c3
{[%clk 00:51:05]} {[%emt 00:03:46]} Rc4 {[%clk 00:49:09]} {[%emt 00:12:18]} 27.
Rd4 {[%clk 00:50:43]} {[%emt 00:00:31]} Rxd4 {[%clk 00:36:10]} {[%emt
00:13:09]} 28. cxd4 {[%clk 00:50:43]} {[%emt 00:00:02]} g5 {[%clk 00:34:15]}
{[%emt 00:02:05]} 29. hxg5 {[%clk 00:50:30]} {[%emt 00:00:24]} hxg5 {[%clk
00:34:15]} {[%emt 00:00:06]} 30. g4 {[%clk 00:49:58]} {[%emt 00:00:42]} f5
{[%clk 00:27:12]} {[%emt 00:07:13]} 31. Kc2 {[%clk 00:49:58]} {[%emt 00:00:04]}
f4 {[%clk 00:25:28]} {[%emt 00:01:53]} 32. b4 {[%clk 00:48:53]} {[%emt
00:01:15]} Kf7 {[%clk 00:23:10]} {[%emt 00:02:28]} 33. a4 {[%clk 00:48:53]}
{[%emt 00:00:06]} Ke7 {[%clk 00:22:39]} {[%emt 00:00:41]} 34. Kd3 {[%clk
00:48:53]} {[%emt 00:00:07]} Kd6 {[%clk 00:21:54]} {[%emt 00:00:55]} 35. Ke2
{[%clk 00:48:53]} {[%emt 00:00:03]} Kc6 {[%clk 00:21:11]} {[%emt 00:00:53]} 36.
Kd3 {[%clk 00:48:53]} {[%emt 00:00:07]} b6 {[%clk 00:19:30]} {[%emt 00:01:50]}
37. Ke2 {[%clk 00:48:53]} {[%emt 00:00:05]} a5 {[%clk 00:18:39]} {[%emt
00:01:01]} 38. b5+ {[%clk 00:48:53]} {[%emt 00:00:08]} Kd6 {[%clk 00:18:39]}
{[%emt 00:00:07]} 39. Kd3 {[%clk 00:48:53]} {[%emt 00:00:03]} e5 {[%clk
00:18:09]} {[%emt 00:00:40]} 40. d5 {[%clk 00:48:53]} {[%emt 00:00:03]} Kd7
{[%clk 00:18:03]} {[%emt 00:00:16]} 41. Ke2 {[%clk 00:48:53]} {[%emt 00:00:07]}
Kd6 {[%clk 00:18:03]} {[%emt 00:00:05]} 1/2-1/2